Children's spaces
Uloženo v:
| Hlavní autor: | |
|---|---|
| Médium: | Kniha |
| Jazyk: | angličtina |
| Vydáno: |
Oxford
Elsevier
2005
|
| Témata: | |
| Tagy: |
Přidat tag
Žádné tagy, Buďte první, kdo vytvoří štítek k tomuto záznamu!
|
MARC
| LEADER | 00000cam a2200000 a 4500 | ||
|---|---|---|---|
| 001 | UCF6625 | ||
| 003 | CL-VaPUC | ||
| 008 | 130509e20050000UK |||||||||||||||||eng|d | ||
| 020 | |a 0750654260 | ||
| 082 | 0 | 4 | |a 727.083 |b DUD |2 21 |
| 100 | 0 | |a Dudek, Mark |e author |9 568628 | |
| 245 | 1 | 0 | |a Children's spaces |
| 300 | |a 281 p | ||
| 942 | |c BK | ||
| 945 | |d 20130509 00:00:00 |a dcastane | ||
| 260 | |a Oxford |b Elsevier |c 2005 | ||
| 650 | 7 | |a CONSTRUCCION DE ESCUELAS |2 CL-VaPUC |9 568629 | |
| 650 | 0 | |a Arquitectura |9 804558 | |
| 650 | 0 | |a Escuelas |9 308582 | |
| 650 | 7 | |a SALAS DE CLASES |2 CL-VaPUC |9 568631 | |
| 583 | |a last modification |c 20130509 12:56:00 |k Rodrigo Vera | ||
| 999 | |c 351764 |d 351762 | ||
| 952 | |0 0 |1 0 |4 0 |6 727_083000000000000_DUD_2005 |7 0 |8 A |9 456090 |a BIBARQ |b BIBARQ |d 2019-11-22 |i 4973127 |l 1 |o 727.083 DUD 2005 |p 4973127 |r 2025-01-20 |s 2020-07-28 |w 2019-11-22 |y BK |k ARQ | ||